000 00390nam a22001577a 4500
999 _c9117
_d9117
003 OSt
008 201117b ||||| |||| 00| 0 eng d
082 _a978-9386668035
100 _aMankiw, N. Gregory
245 _aPrinciples of Economics: with CourseMate
250 _a7 ed
260 _aNew Delhi
_bCengage Learning
_c2019
300 _a847
650 _aB.A Economics
942 _2ddc
_cBK